000 01074cam a2200349 a 4500
999 _c603
_d603
001 12614928
003 GZU
005 20200908122513.0
008 011004s1998 sg b 000 0 eng
010 _a 2001311229
020 _a2869780702 (soft cover)
035 _a(DLC) 2001311229
040 _aDLC
_cDLC
042 _alcode
043 _af------
050 0 0 _aGN645
_b.E832 1998
245 0 0 _aEthnic conflicts in Africa /
_cedited by Okwudiba Nnoli.
260 _aDakar, Senegal :
_bCodesria,
_c1998.
300 _ax, 417 ;
_c22 cm.
440 0 _aCodesria book series
504 _aIncludes bibliographical references (p. [400]-417).
650 0 _aEthnic conflict
_zAfrica.
650 0 _aPolitical violence
_zAfrica.
650 0 _aConflict management
_zAfrica.
651 0 _aAfrica
_xEthnic relations.
651 0 _aAfrica
_xSocial conditions.
700 1 _aNnoli, Okwudiba.
710 2 _aCodesria.
906 _a7
_bcbc
_corigode
_d3
_encip
_f20
_gy-gencatlg
942 _cBK
_h30.5
_iNNO
_kDT